| 000 | 00734nam a22002177a 4500 | ||
|---|---|---|---|
| 999 |
_c13425 _d13425 |
||
| 008 | 190314b ||||| |||| 00| 0 eng d | ||
| 020 | _a9781118501702 | ||
| 082 |
_22013 _aAV-Eb 510 _bL831 |
||
| 100 |
_aLogan, J. David. _937556 |
||
| 245 |
_aApplied Mathematics _cJ. David Logan. |
||
| 250 | _aFourth Edition | ||
| 260 |
_bJohn Wiley & Sons, Incorporated, _c©2013. |
||
| 300 | _a1131 pages; | ||
| 500 | _aIncludes index. | ||
| 650 |
_aMathematics -- Problems, exercises, etc. _921637 |
||
| 650 |
_aMathematics -- Textbooks. _937557 |
||
| 650 |
_aPrecalculus. _937558 |
||
| 700 |
_aLogan, J. David. _937556 |
||
| 856 | _yhttps://ebookcentral.proquest.com/lib/uniofmindanao-ebooks/detail.action?docID=1221159 | ||
| 942 |
_2ddc _cEB |
||